Online
Catalog

La asignaciòn de riesgos en la colaboraciòn pùblico-privada : (Record no. 49319)

MARC details
000 -CABECERA
campo de control de longitud fija 00605nam a22001577a 4500
003 - IDENTIFICADOR DEL NÚMERO DE CONTROL
campo de control OSt
005 - FECHA Y HORA DE LA ÚLTIMA TRANSACCIÓN
campo de control 20210113095903.0
008 - DATOS DE LONGITUD FIJA--INFORMACIÓN GENERAL
campo de control de longitud fija 210113b ||||| |||| 00| 0 spad
022 ## - NÚMERO INTERNACIONAL NORMALIZADO PARA PUBLICACIONES SERIADAS
Número Internacional Normalizado para Publicaciones Seriadas 9788413095035
040 ## - FUENTE DE LA CATALOGACIÓN
Centro catalogador/agencia de origen DO-SdBNP
Lengua de catalogación spa
Centro/agencia transcriptor BNPHU
100 10 - ENTRADA PRINCIPAL--NOMBRE DE PERSONA
Nombre de persona Morales. Rafael Dickson
9 (RLIN) 77671
245 ## - MENCIÓN DE TÍTULO
Título La asignaciòn de riesgos en la colaboraciòn pùblico-privada :
Resto del título una visiòn de España y Repùblica Dominicana con algunas precisiones de otras jurisdicciones de Iberoamèrica /
Mención de responsabilidad, etc. Rafael Dickson Morales
260 ## - PUBLICACIÓN, DISTRIBUCIÓN, ETC.
Lugar de publicación, distribución, etc. Pamplona :
Nombre del editor, distribuidor, etc. Thomson Reuters Aranzadi,
Fecha de publicación, distribución, etc. 2019
300 ## - DESCRIPCIÓN FÍSICA
Extensión 358 p. ;
Dimensiones 24 cm
942 ## - ELEMENTOS DE PUNTO DE ACCESO ADICIONAL (KOHA)
Fuente del sistema de clasificación o colocación Dewey Decimal Classification
Tipo de ítem Koha Libro
Holdings
Estado de retiro Estado de pérdida Fuente del sistema de clasificación o colocación No para préstamo Código de colección Localización permanente Ubicación/localización actual Ubicación en estantería Fecha de adquisición Fuente de adquisición Total de préstamos Signatura topográfica completa Fecha visto por última vez Precio válido a partir de Tipo de ítem Koha
    Dewey Decimal Classification   Monografías: Libros y Folletos Biblioteca Nacional Pedro Henríquez Ureña Biblioteca Nacional Pedro Henríquez Ureña En catalogación 13.01.2021 Donado por Thomson Reuters   M828a 13.01.2021 13.01.2021 Libro

Powered by Koha